| 000 | 00747cam a22002654a 4500 | ||
|---|---|---|---|
| 003 | UPN | ||
| 005 | 20240924071132.0 | ||
| 008 | 081121s2005 es a r 000 f spa d | ||
| 020 | _a8423675300 | ||
| 035 | _aUPN01000168075 | ||
| 040 |
_aUPN _bspa _cUPN |
||
| 049 | _aCG | ||
| 050 | 4 |
_aPQ6669 I37 _bD64 2005 |
|
| 100 | 1 |
_aSierra i Fabra, Jordi, _d1947- _930256 |
|
| 245 | 1 | 0 | _aDonde el viento da la vuelta. |
| 250 | _aCuarta edición | ||
| 260 |
_aBarcelona, Esp. : _bEdebé, _cc2005. |
||
| 300 |
_a201 páginas : _bilustraciones |
||
| 490 | 0 |
_aPeriscopio ; _v17 |
|
| 650 | 4 |
_aLiteratura española _95069 |
|
| 650 | 4 |
_aGuerrillas _zGuatemala _915879 |
|
| 650 | 4 |
_aGuatemala en la literatura _946076 |
|
| 905 | _aLibro | ||
| 942 |
_2lcc _cLIBRO |
||
| 999 |
_c140183 _d140183 |
||